Burton's microbiology for the health sciences / (رقم التسجيلة. 32645)

تفاصيل مارك
000 -الفاتح
حقل البيانات ثابتة الطول 02703cam a22004814a 4500
001 - رقم الضبط
رقم الضبط 15892058
003 - محدد رقم الضبط
رقم الضبط OSt
005 - وقت وتاريخ اخر تعامل مع التسجيلة
رقم الضبط 20151015163519.0
008 - عناصر البيانات ثابتة الطول - معلومات عامة
حقل البيانات ثابتة الطول 090901s2011 paua b 001 0 eng
010 ## - رقم ضبط مكتبة الكونجرس
رقم ضبط مكتبة الكونجرس 2009036495
016 7# - رقم ضبط الوكاله الوطنية للضبط الببليوجرافي
رقم ضبط التسجيلة 101514351
المصدر DNLM
020 ## - الرقم الدولى المعيارى للكتب
الرقم الدولى المعيارى للكتاب 9781605476735
020 ## - الرقم الدولى المعيارى للكتب
الرقم الدولى المعيارى للكتاب 1605476730
020 ## - الرقم الدولى المعيارى للكتب
الرقم الدولى المعيارى للكتاب 9781451186345
020 ## - الرقم الدولى المعيارى للكتب
الرقم الدولى المعيارى للكتاب 9781609133214 (International ed.)
020 ## - الرقم الدولى المعيارى للكتب
الرقم الدولى المعيارى للكتاب 1609133218 (International ed.)
035 ## - رقم ضبط النظام
رقم ضبط النظام (OCoLC)ocn435728489
040 ## - مصدر الفهرسة
وكالة الفهرسة الأصلية DNLM/DLC
وكالة النسخ DLC
وكالة التعديل BTCTA
-- NLM
-- C#P
-- CDX
-- YDXCP
-- SINPL
-- DLC
042 ## - رمز التحقق
رمز التحقق pcc
050 00 - رقم طلب مكتبة الكونجرس
رقم التصنيف QR41.2
رقم المادة .B88 2011
060 10 - رقم الطلب بالمكتبة الطبية الوطنية
رقم التصنيف QW 4
رقم المادة E575b 2011
082 00 - رقم تصنيف ديوى العشرى
رقم التصنيف 616.9041
رقم الطبعة 22
رقم المادة EPB
100 1# - المدخل الرئيسى - إسم شخصى
الإسم الشخصى Engelkirk, Paul G.
9 (RLIN) 5344
245 10 - بيان العنوان
العنوان Burton's microbiology for the health sciences /
بيان المسئوليه,etc Paul G. Engelkirk, Janet Duben-Engelkirk.
246 30 - العنوان الموازى
عنوان صحيح/عنوان مختصر Microbiology for the health sciences
250 ## - بيان الطبعة
بيان الطبعة 9th ed.
260 ## - PUBLICATION, DISTRIBUTION, ETC. (IMPRINT)
مكان الناشر او الموزع Philadelphia :
اسم الناشر او الموزع Wolters Kluwer Health/Lippincott Williams & Wilkins,
تاريخ النشر أو التوزيع c2011.
300 ## - الوصف المادى
التعداد x, 433 p. :
تفاصيل ماديه اخرى للوعاء ill. (chiefly col.) ;
أبعاد الوعاء 28 cm. +
المادة المصاحبة 1 CD-ROM (4 3/4 in.)
504 ## - تبصرة ببليوجرافية
تبصرة ببليوجرافية,الخ Includes bibliographical references and index.
505 0# - تبصرة محتويات-الفهرس
تبصرة المحتويات المصاغة Microbiology : the science -- Viewing the microbial world -- Cell structure and taxonomy -- Microbial diversity -- Microbial diversity -- Biochemistry : the chemistry of life -- Microbial physiology and genetics -- Controlling microbial growth in vitro -- Controlling microbial growth in vivo using antimicrobial agents -- Microbial ecology and microbial biotechnology -- Epidemiology and public health -- Healthcare epidemiology -- Diagnosing infectious diseases -- Pathogenesis of infectious diseases -- Nonspecific host defense mechanisms -- Specific host defense mechanisms : an introduction to immunology -- Overview of infectious diseases -- Viral infections -- Bacterial infections -- Fungal infections -- Parasitic infections.
650 #0 - المدخل الاضافى بالموضوع-مصطلح موضوعى
مصطلح موضوعي أو اسم جغرافي كعنصر مدخل Microbiology.
9 (RLIN) 52495
650 #0 - المدخل الاضافى بالموضوع-مصطلح موضوعى
مصطلح موضوعي أو اسم جغرافي كعنصر مدخل Medical microbiology.
9 (RLIN) 52496
650 #0 - المدخل الاضافى بالموضوع-مصطلح موضوعى
مصطلح موضوعي أو اسم جغرافي كعنصر مدخل Allied health personnel.
9 (RLIN) 52497
650 12 - المدخل الاضافى بالموضوع-مصطلح موضوعى
مصطلح موضوعي أو اسم جغرافي كعنصر مدخل Microbiological Processes.
9 (RLIN) 40133
650 22 - المدخل الاضافى بالموضوع-مصطلح موضوعى
مصطلح موضوعي أو اسم جغرافي كعنصر مدخل Communicable Diseases
التقسيم الفرعي العام microbiology.
9 (RLIN) 52498
700 1# - المدخل الاضافى - اسم شخصى
الإسم الشخصى Duben-Engelkirk, Janet L.
9 (RLIN) 41082
700 1# - المدخل الاضافى - اسم شخصى
الإسم الشخصى Burton, Gwendolyn R. W.
الشكل الأكمل للاسم (Gwendolyn R. Wilson)
9 (RLIN) 52499
856 42 - الوصول و الموقع الالكترونى
مواد محددة Publisher description
معرف المصدر الموحد <a href="http://www.loc.gov/catdir/enhancements/fy1010/2009036495-d.html">http://www.loc.gov/catdir/enhancements/fy1010/2009036495-d.html</a>
856 41 - الوصول و الموقع الالكترونى
مواد محددة Table of contents only
معرف المصدر الموحد <a href="http://www.loc.gov/catdir/enhancements/fy1012/2009036495-t.html">http://www.loc.gov/catdir/enhancements/fy1012/2009036495-t.html</a>
906 ## - عنصر بيانات محلى F, LDF (RLIN)
a 7
b cbc
c orignew
d 1
e ecip
f 20
g y-gencatlg
942 ## - عناصر المدخل الإضافي( كوها)
مصدر التصنيف او مخطط الترفيف Dewey Decimal Classification
Koha [default] item type كتاب
المقتنيات
حالة الفقد نموذج السعر الفعال حالة تلف ليس للاعارة رقم الطلب تاريخ الاكتساب الموقع الحالي الباركود الفرع الرئيسي Date last seen نوع المادة فى نظام كوها مصدر التصنيف او خطة الترفيف Total Checkouts Total Renewals Date last checked out
  2013-12-14     616.9041 EPB 2013-12-14 المكتبة المركزية بالمجمعة (CL) 00453598 المكتبة المركزية بالمجمعة (CL) 2013-12-14 كتاب Dewey Decimal Classification      
  2013-12-14     616.9041 EPB 2013-12-14 المكتبة المركزية بالمجمعة (CL) 00453599 المكتبة المركزية بالمجمعة (CL) 2013-12-14 كتاب Dewey Decimal Classification      
  2013-12-14     616.9041 EPB 2013-12-14 المكتبة المركزية بالمجمعة (CL) 00453600 المكتبة المركزية بالمجمعة (CL) 2013-12-14 كتاب Dewey Decimal Classification      
  2015-10-15     616.9041 EPB 2015-10-15 مكتبة كلية العلوم الطبية التطبيقية بالمجمعة - طالبات (AMF) 00654502 مكتبة كلية العلوم الطبية التطبيقية بالمجمعة - طالبات (AMF) 2015-10-15 كتاب Dewey Decimal Classification      
  2013-12-14     616.9041 EPB 2013-12-14 مكتبة مجمع الكليات بالزلفى - طلاب (SZM) 00453601 مكتبة مجمع الكليات بالزلفى - طلاب (SZM) 2013-12-14 كتاب Dewey Decimal Classification      
  2013-12-14     616.9041 EPB 2013-12-14 مكتبة مجمع الكليات بالزلفى - طلاب (SZM) 00453602 مكتبة مجمع الكليات بالزلفى - طلاب (SZM) 2017-09-25 كتاب Dewey Decimal Classification 1 1 2014-02-20
  2013-12-14     616.9041 EPB 2013-12-14 مكتبة مجمع الكليات بالزلفى - طلاب (SZM) 00453603 مكتبة مجمع الكليات بالزلفى - طلاب (SZM) 2013-12-14 كتاب Dewey Decimal Classification